000 00868nam a22002175i 4500
001 168964
003 ES-MaACL
005 20251009170253.0
008 080709s1974 sp |||| | spa d
080 _a929 Cevallos, Pedro Antonio de
080 _a94(82+899)"17"
100 1 _aAbadie-Aicardi, Aníbal,
_917952
245 1 4 _aLa "Relación Exacta" versificada de la expedición de Cevallos a Santa Catalina y el Plata
_b: (1776-1777) /
_cpor Aníbal Abadie-Aicardi.
260 _aSevilla :
_bC.E.H.A.,
_c1974.
300 _ap. 153-194 ;
_c24 cm.
500 _aSeparata de: Historiografía y bibliografía americanistas. vol. XVIII, núms. 2-3, Sevilla 1974.
600 1 7 _aCevallos, Pedro Antonio de,
_d1715-1778
_2
_9138086
651 4 _aRío de la Plata (Virreinato)-
_vHistoria.
_9137351
852 _aES-MaACL
_j2232-F-4
_9R.143798
999 _c168964
_d168964